Math fables too : making science count / (Record no. 114764)
[ view plain ]
| 000 -LEADER | |
|---|---|
| fixed length control field | 00631nam a2200169 a 4500 |
| 005 - DATE AND TIME OF LATEST TRANSACTION | |
| control field | 20140414132111.0 |
| 008 - FIXED-LENGTH DATA ELEMENTS--GENERAL INFORMATION | |
| fixed length control field | 110513s19uu xx 00 eng d |
| 020 ## - INTERNATIONAL STANDARD BOOK NUMBER | |
| International Standard Book Number | 9780439783514 |
| 050 ## - LIBRARY OF CONGRESS CALL NUMBER | |
| Classification number | TR 513.2 |
| Item number | T15 2007 |
| 100 ## - MAIN ENTRY--PERSONAL NAME | |
| Personal name | Tang, Greg. |
| 245 ## - TITLE STATEMENT | |
| Title | Math fables too : making science count / |
| Statement of responsibility, etc | by Greg Tang ; illustrated by Taia Morley. |
| 260 ## - PUBLICATION, DISTRIBUTION, ETC. (IMPRINT) | |
| Place of publication, distribution, etc | New York : |
| Name of publisher, distributor, etc | Scholastic Press, |
| Date of publication, distribution, etc | 2007. |
| 520 ## - SUMMARY, ETC. | |
| Summary, etc | More rhymes about animals that introduce counting and grouping numbers, as well as examples of such behaviors as cooperation, friendship, and appreciation. |
| 650 ## - SUBJECT ADDED ENTRY--TOPICAL TERM | |
| Topical term or geographic name as entry element | Counting. |
| 650 ## - SUBJECT ADDED ENTRY--TOPICAL TERM | |
| Topical term or geographic name as entry element | Science. |
| Withdrawn status | Lost status | Damaged status | Use restrictions | Home library | Current library | Shelving location | Date acquired | Source of acquisition | Total Checkouts | Full call number | Barcode | Date last seen | Price effective from | Koha item type |
|---|---|---|---|---|---|---|---|---|---|---|---|---|---|---|
| Munich Library | Munich Library | Teachers Reference Section | 05/13/2011 | TR 513.2 T15 2007 | M6659 | 04/14/2014 | 04/14/2014 | Books |